| 000 | 00579nam a22002057a 4500 | ||
|---|---|---|---|
| 999 |
_c2611 _d2611 |
||
| 003 | AR-CdUCM | ||
| 008 | 190305b ||||| |||| 00| 0 spa d | ||
| 040 |
_aMUNICIPALIDAD PROVINCIAL DEL CUSCO _cBIBLIOTECA MUNICIPAL DEL CUSCO |
||
| 082 |
_a869.15 / _bSA19 |
||
| 100 |
_aSamperio, Guillermo _99196 |
||
| 245 | _aMiedo Ambiente / | ||
| 260 |
_aCuba : _bCasa de Las Américas ; _c1977. |
||
| 300 |
_a136 páginas ; _c19cm |
||
| 505 | _aCuento | ||
| 650 |
_aCuento _94671 |
||
| 650 |
_aCuba _91821 |
||
| 650 |
_aLiteratura siglo XX _91173 |
||
| 942 |
_2ddc _cLIBROS |
||
| 945 | _anom | ||